000
00263nam a2200109Ia 4500
008
190216s9999||||xx |||||||||||||| ||und||
100
_a
Gupta N S
245
0
_a
Organisation Theory And Behaviour
260
_b
Sulthan Chand&Sons
_c
1988
300
_a
47p
942
_c
BK
999
_c
5379
_d
5379